[Event "Ch Potiguar"]
[Site "Natal (Brazil)"]
[Date "2008.09.01"]
[Round "5"]
[White "Chellappa Thiago (BRA)"]
[Black "Barreto Filho Carlos Alberto (BRA)"]
[Result "0-1"]
[WhiteElo "2036"]
[BlackElo "2300"]

1.c4 c5 2.Nc3 Nc6 3.Nf3 Nd4 4.e3 Nxf3+ 5.Qxf3 Nf6 6.Ne4 d6 7.Nxf6+ gxf6 8.Bd3
e6 9.b3 Bg7 10.Bb2 Rb8 11.Be4 Ke7 12.O-O-O Qf8 13.Kc2 f5 14.Bxg7 Qxg7 15.Bd3
Bd7 16.Rdg1 Bc6 17.Qg3 Qf6 18.f4 Rhg8 19.Qf2 a6 20.Be2 b5 21.d3 a5 22.Bf3 Bd7
23.Rb1 a4 24.Qd2 Rb6 25.bxa4 b4 26.Kc1 Bxa4 27.Bd1 Bc6 28.Rg1 Ra8 29.Bf3 Bxf3
30.gxf3 Rba6 31.Qb2 Qxb2+ 32.Rxb2 Rxa2 33.Rg7 Rxb2 34.Kxb2 Rh8 35.h4 Kf8
36.Rg3 Rg8 37.Rh3 Rg2+ 38.Kb3 Rd2 39.e4 Rxd3+ 40.Kb2 fxe4 {#R} 0-1

[Event "Ch Region (open)"]
[Site "Krasnodar (Russia)"]
[Round "5"]
[White "Aleksandrov Sergei (RUS)"]
[Black "Kiriushin Vladimir (RUS)"]
[Result "1-0"]
[WhiteElo "2321"]
[BlackElo "2206"]

1.c4 c5 2.Nc3 Nc6 3.Nf3 g6 4.e3 Bg7 5.d4 d6 6.d5 Ne5 7.Nd2 h5 8.h3 Qa5 9.Qc2
f5 10.Nb3 Qb6 11.Bd2 Nf6 12.f4 Nf7 13.Bd3 Qc7 14.O-O-O Bd7 15.e4 Nh6 16.e5
dxe5 17.fxe5 Qxe5 18.Nxc5 Qc7 19.Ne6 Bxe6 20.dxe6 O-O-O 21.Nb5 Qg3 22.Rhf1
Rxd3 23.Bf4 Qxf4+ 24.Rxf4 Rxd1+ 25.Qxd1 a6 26.Nc3 g5 27.Rd4 f4 28.Qd3 g4
29.Rxf4 gxh3 30.gxh3 {#r} 1-0

[Event "Tournament (open)"]
[Site "Perm (Russia)"]
[Round "1"]
[White "Goldshtein Grigory (RUS)"]
[Black "Malgina-Sterliagova Tatiana (RUS)"]
[Result "0-1"]
[WhiteElo "2176"]
[BlackElo "2346"]

1.c4 c5 2.Nc3 Nc6 3.Nf3 g6 4.d4 cxd4 5.Nxd4 Bg7 6.Nc2 Bxc3+ 7.bxc3 Qa5 8.Bd2
Nf6 9.f3 d6 10.e4 Ne5 11.Nd4 Bd7 12.Qb3 Rc8 13.Qxb7 O-O 14.Nb3 Qa3 15.Bc1 Qa4
16.Qb4 Nxc4 17.Qxa4 Bxa4 18.Bxc4 Rxc4 19.Bd2 Rb8 20.O-O Nd7 21.Rfb1 Nb6 22.Nd4
Rc5 23.Rb4 Rbc8 24.Rab1 Bd7 25.Ne2 Ra5 26.Nc1 Ra6 27.Be1 f6 28.h4 Kf7 29.g4
Be6 30.R4b2 Nc4 31.Rb8 Rxb8 32.Rxb8 Ne5 33.Kg2 Bxa2 34.Kg3 Be6 35.Rb2 Ra1
36.Rc2 Nc4 37.Nd3 Rd1 38.Kf2 Rxd3 39.Ke2 Ne5 40.Bg3 Bc4 {#R} 0-1

[Event "Tournament (open)"]
[Site "Perm (Russia)"]
[Round "7"]
[White "Mamykin Andrey (RUS)"]
[Black "Davydov Stepan (RUS)"]
[Result "0-1"]
[WhiteElo "2132"]
[BlackElo "2175"]

1.c4 c5 2.Nc3 Nc6 3.e4 g6 4.g3 Bg7 5.f4 d6 6.Bg2 e6 7.Nge2 Nge7 8.d3 a6 9.O-O
O-O 10.Be3 Nd4 11.Qd2 Rb8 12.Rac1 Nec6 13.b3 Qa5 14.Rfd1 b5 15.h3 Nb4 16.Kf1
Bd7 17.f5 Nxe2 18.Kxe2 exf5 19.Bh6 Bxh6 20.Qxh6 Nxa2 21.Nxa2 Qxa2+ 22.Rd2 Qxb3
23.h4 fxe4 24.Bxe4 Rbe8 25.Kf2 Re5 26.Bf3 bxc4 27.Rxc4 Be6 28.Rf4 Qc3 29.Ra4
Bd5 30.g4 Qc1 31.Be2 f5 {#R} 0-1

[Event "World Mindsports Games (Blitz Team w)"]
[Site "Beijing (China)"]
[Date "2008.10.13"]
[Round "4"]
[White "Bashkite Viktoria (EST)"]
[Black "Ozturk Kubra (TUR)"]
[Result "0-1"]
[WhiteElo "2129"]
[BlackElo "2254"]

1.c4 c5 2.Nc3 Nc6 3.Nf3 g6 4.d4 cxd4 5.Nxd4 Bg7 6.Nxc6 bxc6 7.g3 Nf6 8.Bg2 O-O
9.O-O Bb7 10.Bg5 d6 11.Qd2 Ng4 12.h3 Ne5 13.b3 Qa5 14.Rac1 Rfe8 15.Rfd1 Rad8
16.Bh6 Bh8 17.Qf4 Nd7 18.Ne4 Qe5 19.Qxe5 Bxe5 20.c5 d5 21.Ng5 Bb2 22.Rc2 Ba3
23.e4 Nxc5 24.exd5 cxd5 25.b4 Bxb4 26.Rb2 a5 27.a3 Bxa3 28.Rb5 Bb4 29.Rc1 Rc8
30.Nf3 Ba6 31.Rb6 Bc4 32.Ne5 Nd3 33.Nxd3 Bxd3 34.Rxc8 Rxc8 35.Bxd5 Bd6 36.Bd2
a4 37.Bc6 a3 38.Rb3 a2 39.Bc3 Rxc6 40.Bb2 Rc1+ 41.Kg2 a1=Q 42.Bxa1 Rxa1
43.Rxd3 Ra2 44.Kf3 Bc5 45.Rd8+ Kg7 46.Kg4 Rxf2 47.h4 h5+ 48.Kh3 Bd6 49.Ra8 Rf3
50.Kg2 Rxg3+ 51.Kf2 Rg4 52.Ra5 Rxh4 53.Rb5 Rg4 54.Kf3 Rg3+ 55.Kf2 h4 56.Rd5
Rg4 57.Kf3 f5 58.Kf2 h3 59.Rd3 h2 60.Rh3 Rg5 61.Kf1 Rg1+ 62.Kf2 h1=Q {#R} 0-1

[Event "World Mindsports Games (Blitz Team)"]
[Site "Beijing (China)"]
[Date "2008.10.13"]
[Round "11"]
[White "Mongonhuu Mijgee (MGL)"]
[Black "Atakisi Umut (TUR)"]
[Result "1-0"]
[WhiteElo "2166"]
[BlackElo "2393"]

1.c4 c5 2.Nc3 Nc6 3.Nf3 e5 4.d3 g6 5.g3 Bg7 6.Bg2 Nge7 7.Bg5 h6 8.Bxe7 Nxe7
9.O-O O-O 10.Rb1 a5 11.a3 Nc6 12.Re1 d6 13.Nd5 Be6 14.Nd2 Rb8 15.Qa4 Nd4 16.b4
axb4 17.axb4 Bd7 18.b5 Ra8 19.Qd1 Kh8 20.Ne4 Bc8 21.e3 Ne6 22.Ra1 Rxa1 23.Qxa1
f5 24.Nec3 Bd7 25.Qa7 Qb8 26.Ra1 e4 27.dxe4 fxe4 28.Bxe4 Ng5 29.Qxb8 Rxb8
30.Ra7 Nxe4 31.Nxe4 Bf8 32.f3 Bf5 33.g4 Bxg4 34.fxg4 Bg7 35.Nb6 Re8 36.Rxb7
Rxe4 37.Rd7 Rxg4+ 38.Kf2 Rh4 39.Kg3 Re4 40.Kf3 Rh4 41.Rxd6 g5 42.Nd5 Rxc4
43.b6 Be5 44.Re6 Bxh2 45.Rxh6+ Kg7 46.Rxh2 Ra4 47.Rb2 Ra8 48.b7 Rb8 49.Ke4 Kg6
50.Ne7+ Kf7 51.Nc6 {#r} 1-0

[Event "Cup Ugra"]
[Site "Khanty Mansyisk (Russia)"]
[Date "2008.10.20"]
[Round "6"]
[White "Artamonov Valery (RUS)"]
[Black "Kazakov Konstantin (KAZ)"]
[Result "0-1"]
[WhiteElo "2309"]
[BlackElo "2250"]

1.c4 c5 2.Nc3 Nc6 3.Nf3 g6 4.e3 Bg7 5.d4 cxd4 6.exd4 d6 7.d5 Nb8 8.Bd3 Nf6
9.O-O O-O 10.Re1 Bg4 11.h3 Bxf3 12.Qxf3 Nbd7 13.Bf4 Re8 14.Bf1 Rc8 15.Qe3 a6
16.Rad1 Nc5 17.b4 Ncd7 18.a4 Qb6 19.Qf3 Nh5 20.Bd2 Ne5 21.Qe4 Nf6 22.Qh4 Nfd7
23.Rb1 Qc7 24.Re4 Nb6 25.Rc1 Nbxc4 26.Bh6 Bf6 27.Qg3 Nb2 28.f4 Nd7 29.Ne2 Qb6+
30.Kh1 Rxc1 31.Nxc1 Nxa4 {#R} 0-1

[Event "Ch Belgrade (team) (qual. liga)"]
[Site "Belgrade (Yugoslavia)"]
[Date "2008.11.06"]
[Round "6"]
[White "Bozic Sasa (SRB)"]
[Black "Stojanovic Mihajlo (SRB)"]
[Result "0-1"]
[WhiteElo "1826"]
[BlackElo "2535"]

1.c4 c5 2.Nc3 Nc6 3.e3 g6 4.Nf3 Bg7 5.Be2 Nf6 6.O-O O-O 7.d4 d6 8.d5 Nb8 9.e4
Nbd7 10.Be3 Ng4 11.Qc1 Nxe3 12.Qxe3 Ne5 13.h3 Bd7 14.Kh1 Nxf3 15.Qxf3 f5
16.exf5 Bxf5 17.Qg3 Qd7 18.Rae1 Rf7 19.Bd1 Raf8 20.Ba4 Qc8 21.Nd1 Bd4 22.Re2
Be5 23.Qe3 Bd7 24.Bc2 b5 25.b3 b4 26.Qh6 Bf5 27.Ne3 Bxc2 28.Nxc2 Qf5 29.Qe3
Qh5 30.Kg1 g5 31.Qe4 Rf4 32.Qd3 g4 33.h4 Qxh4 34.Rxe5 dxe5 35.g3 Qh3 36.Qe3
R4f5 37.Qe4 Qxg3+ 38.Qg2 Qxg2+ 39.Kxg2 h5 {#R} 0-1

[Event "It "]
[Site "Newport (Wales)"]
[Date "2008.11.16"]
[Round "5"]
[White "Williams Simon (ENG)"]
[Black "Arkell Keith C (ENG)"]
[Result "1-0"]
[WhiteElo "2494"]
[BlackElo "2521"]

1.c4 c5 2.Nc3 Nc6 3.Nf3 g6 4.d4 cxd4 5.Nxd4 Bg7 6.Nc2 Bxc3+ 7.bxc3 d6 8.g3 Qa5
9.Bg2 Nf6 10.O-O Qxc3 11.Rb1 O-O 12.Ne3 Ng4 13.Nd5 Qxc4 14.h3 Nf6 15.Bh6 Nxd5
16.Bxd5 Qd4 17.Bxf8 Qxd1 18.Rfxd1 Kxf8 19.Kg2 Ke8 20.h4 Nd8 21.Rb3 Bd7 22.Rdb1
Rc8 23.f3 b6 24.Kf2 Rc5 25.Be4 Ra5 26.a3 Ne6 27.Rc3 Nc5 28.Bc2 d5 29.Rd1 e6
30.e4 Bc6 31.e5 Ba4 32.Bxa4+ Rxa4 33.Ke3 Ke7 34.Rd4 Ra5 35.Rb4 f6 36.f4 f5
37.h5 gxh5 38.a4 Kf7 39.Ra3 Ke7 40.Kf3 Kd7 41.Ra2 Kc6 42.Ke3 a6 43.Kd4 Nd7
44.Rc2+ Nc5 45.Ra2 Kb7 46.Ra1 Ne4 47.Rab1 Kc7 48.Rxb6 Rxa4+ 49.Ke3 d4+ 50.Kd3
Nc5+ 51.Kd2 Ra3 52.R6b4 Rd3+ 53.Ke2 Kc6 54.Rc4 Re3+ 55.Kd2 Kd5 56.Rxd4+ Kxd4
57.Rb4+ Kd5 58.Kxe3 a5 59.Rd4+ Kc6 60.Rd8 Ne4 61.Kd4 a4 62.Kc4 a3 63.Kb3 Kc7
64.Rg8 Kd7 65.Kxa3 Ke7 66.Rg7+ Kf8 67.Rxh7 Nxg3 68.Kb4 Ne2 69.Kc5 Nxf4 70.Kd6
Kg8 71.Ra7 h4 72.Ra4 Ng2 73.Kxe6 f4 74.Kd7 f3 75.e6 f2 76.e7 f1=Q 77.e8=Q+
{#r} 1-0

[Event "Memorial Bak (open)"]
[Site "Chorzow (Poland)"]
[Date "2008.11.22"]
[Round "8"]
[White "Cieraszewski Piotr (POL)"]
[Black "Rzepka Maciej (POL)"]
[Result "1-0"]
[WhiteElo "2056"]
[BlackElo "1760"]

1.c4 c5 2.Nc3 Nc6 3.Nf3 g6 4.d4 cxd4 5.Nxd4 Bg7 6.Nb3 d6 7.g3 Nf6 8.Bg2 O-O
9.O-O Be6 10.Nd5 Rb8 11.e4 Ne5 12.Nd2 b5 13.cxb5 Rxb5 14.Nb3 Re8 15.Nd4 Rc5
16.Nxe6 fxe6 17.Nf4 Qd7 18.Bh3 Qc6 19.Nxe6 Rc4 20.f3 Qb6+ 21.Kh1 Qb7 22.b3 Rb4
23.Bd2 Rb6 24.Bg2 Qd7 25.Nxg7 Kxg7 26.f4 Nc6 27.Bc3 Kg8 28.Qd3 Rc8 29.Rad1 Nb4
30.Qd2 a5 31.a3 Nc6 32.e5 Ne8 33.f5 gxf5 34.e6 Qd8 35.Rxf5 Nf6 36.Qg5+ Kh8
37.Rxf6 {#r} 1-0

[Event "Ch Great Britain (active)"]
[Site "Halifax (England)"]
[Date "2008.11.29"]
[Round "1"]
[White "Lawrence Jeffrey A (USA)"]
[Black "Arkell Keith C (ENG)"]
[Result "0-1"]
[WhiteElo "1932"]
[BlackElo "2521"]

1.c4 c5 2.Nc3 Nc6 3.Nf3 g6 4.d4 cxd4 5.Nxd4 Bg7 6.Nb3 Bxc3+ 7.bxc3 Nf6 8.g3 b6
9.Bg2 Bb7 10.O-O Qc7 11.c5 Ne5 12.Bxb7 Qxb7 13.cxb6 axb6 14.Qd4 d6 15.Be3 Ra6
16.Rfb1 Qc6 17.Nd2 Nd5 18.c4 Nxe3 19.Qxe3 O-O 20.Rc1 Qc5 21.Qf4 Rfa8 22.Ne4
Qc6 23.Rc2 Ra4 24.Nd2 b5 25.Qe3 bxc4 26.h3 Qd5 27.Ne4 Ra3 28.Nc3 Qe6 29.Kh2
Qf5 30.Rac1 h5 31.f4 Nc6 32.Qb6 R3a6 33.Qf2 Nb4 34.e4 Qd7 35.Rd2 Nd3 36.Rxd3
cxd3 37.Qd4 Rc6 38.Qxd3 Rac8 39.e5 Qa7 40.e6 f5 41.Qd2 Qa5 {#R} 0-1

[Event "It "]
[Site "Evpatoria (Russia)"]
[Round "0"]
[White "Sevostianov Pavel (RUS)"]
[Black "Sharapov Evgeny (UKR)"]
[Result "0-1"]
[WhiteElo "2284"]
[BlackElo "2427"]

1.c4 c5 2.Nc3 Nc6 3.Nf3 e5 4.e3 Nf6 5.d4 cxd4 6.exd4 e4 7.Ne5 Bb4 8.Nxc6 dxc6
9.Be2 O-O 10.O-O Qe7 11.Be3 Rd8 12.Re1 Be6 13.Qa4 h6 14.Rad1 Bf5 15.f3 a5
16.Kh1 b5 17.cxb5 Bxc3 18.bxc3 Nd5 19.Bd2 e3 20.Bf1 Nb6 21.Qb3 Be6 22.Rxe3
Bxb3 23.Rxe7 Bxd1 24.bxc6 Ba4 25.c7 Rd7 26.Rxd7 Bxd7 27.c4 Ra7 28.d5 Rxc7
29.Bxa5 Rb7 30.Kg1 Na4 31.Kf2 Rb2+ 32.Ke3 Rxa2 33.Kd4 f6 34.Bb4 Kf7 35.c5 Rb2
36.Ba5 Rb1 37.Bc4 Rd1+ {#R} 0-1

[Event "Ch Oberfranken"]
[Site "Schney (Germany)"]
[Date "2009.01.03"]
[Round "4"]
[White "Schwarzmann Tobias (GER)"]
[Black "Brueckner Klaus"]
[Result "1-0"]
[WhiteElo "2052"]
[BlackElo "1893"]

1.c4 c5 2.Nc3 Nc6 3.Nf3 g6 4.d3 Bg7 5.e4 e5 6.Be2 Nge7 7.O-O O-O 8.Be3 d6
9.Nd2 Nd4 10.Bxd4 cxd4 11.Nd5 Nxd5 12.cxd5 Bh6 13.b4 Qb6 14.Rb1 Bd7 15.a4 Rfc8
16.Nc4 Qc7 17.b5 b6 18.Rb2 a6 19.Qb3 axb5 20.axb5 Ra7 21.Rfb1 Rca8 22.Qd1 Ra2
23.h4 Kf8 24.h5 f5 25.hxg6 hxg6 26.g3 Qc5 27.Qb3 R2a4 28.Rc2 Ra1 29.Nxe5 Qxb5
30.Nxd7+ Qxd7 31.Qxb6 f4 32.Rxa1 Rxa1+ 33.Kg2 Rh1 34.Qb8+ {#r} 1-0

[Event "Ch Croatia (team) (3rd league)"]
[Site "Varazdin (Croatia)"]
[Date "2009.04.04"]
[Round "1"]
[White "Vucko Jozsef (HUN)"]
[Black "Strbad Franjo (SLO)"]
[Result "1-0"]
[WhiteElo "2033"]
[BlackElo "1998"]

1.c4 c5 2.Nc3 Nc6 3.e3 g6 4.d4 cxd4 5.exd4 Bg7 6.Nge2 d6 7.b3 Bg4 8.f3 Bf5
9.g4 Bd7 10.Be3 h5 11.g5 h4 12.f4 Bf5 13.Qd2 Nb4 14.Kd1 Nc2 15.Rc1 Nxe3+
16.Qxe3 e6 17.Bg2 Qd7 18.Nb5 Kf8 19.Nbc3 Ne7 20.Bf3 Nc6 21.Bxc6 Qxc6 22.Kd2
Re8 23.Rhf1 a6 24.Nd1 Qb6 25.Ndc3 f6 26.Rcd1 Kf7 27.Kc1 Qb4 28.Kb2 Rc8 29.a3
Qb6 30.Ka2 Rhe8 31.Na4 Qa5 32.c5 Bf8 33.Rc1 e5 34.Nec3 exd4 35.Qxd4 fxg5
36.fxg5 Re6 37.b4 Qd8 38.Rcd1 Qxg5 39.Kb3 Rd8 40.Ne4 Qg2 41.Nac3 Bg7 42.Qd5
Bxc3 43.Nxd6+ Rxd6 44.Qxg2 Rxd1 45.Rxd1 Re3 46.Qxb7+ Kf6 47.Qxa6+ Kg5 48.Kc4
Bb2 49.a4 Bc2 50.Rg1+ Kf4 51.Qd6+ Be5 52.Qf8+ Bf5 53.Kb5 Kf3 54.Rxg6 Ke4
55.Rg5 Rf3 56.c6 Bxh2 57.Qe7+ Kf4 58.c7 Bg4 59.Rxg4+ Kxg4 60.c8=Q+ {#r} 1-0

[Event "Tournament (swiss)"]
[Site "Wisla (Poland)"]
[Date "2009.05.10"]
[Round "9"]
[White "Jelen Janusz (POL)"]
[Black "Kozlowski Tomasz (POL)"]
[Result "0-1"]
[WhiteElo "1993"]
[BlackElo "2007"]

1.c4 c5 2.Nc3 Nc6 3.Nf3 g6 4.d4 cxd4 5.Nxd4 Bg7 6.e3 Nf6 7.Be2 O-O 8.a3 d5
9.cxd5 Nxd5 10.Nxc6 bxc6 11.Bd2 Rb8 12.Qc1 Be6 13.e4 Nxc3 14.Bxc3 Bxc3+
15.Qxc3 Rb3 16.Qe5 Qb6 17.O-O Rxb2 18.Bd3 Rd8 19.Rab1 Rxb1 20.Bxb1 Rd2 21.Qf4
Qd4 22.Qf3 Bc4 23.Re1 Re2 24.Rc1 Qd2 {#R} 0-1

[Event "It (open) (b)"]
[Site "Voronezh (Russia)"]
[Date "2009.06.13"]
[Round "2"]
[White "Pogosian Georgy (RUS)"]
[Black "Borisovsky Viktor (RUS)"]
[Result "0-1"]
[WhiteElo "2241"]
[BlackElo "2062"]

1.c4 c5 2.Nc3 Nc6 3.e3 g6 4.d4 cxd4 5.exd4 Bg7 6.Nf3 d6 7.Be2 Bg4 8.Be3 Nh6
9.d5 Bxf3 10.gxf3 Ne5 11.f4 Nd7 12.Bd3 f5 13.f3 Qa5 14.Qd2 Nc5 15.Bc2 Qb4
16.Nb5 Qxb2 17.Rb1 Qxa2 18.Nc7+ Kf7 19.Nxa8 Qxc4 20.Qe2 Qc3+ 21.Kf2 Rxa8
22.Rhc1 Bd4 23.Bxd4 Qxd4+ 24.Kg3 Ng8 25.Re1 Re8 26.Rbd1 Qc3 27.Rc1 Qg7 28.Bd3
Qd4 29.Bb5 Rd8 30.Red1 Qg7 31.Rxc5 dxc5 32.d6 Qf6 33.dxe7 Qxe7 34.Rxd8 Qxd8
35.Bc4+ Kg7 36.Qe6 Nf6 37.Qf7+ Kh6 38.Qxb7 {#R} 0-1

[Event "Ch Belgium (open)"]
[Site "Namur (Belgium)"]
[Date "2009.07.08"]
[Round "5"]
[White "Gorshkov Leonid (RUS)"]
[Black "Tonoli Benjamin (BEL)"]
[Result "0-1"]
[WhiteElo "2108"]
[BlackElo "2168"]

1.c4 c5 2.Nc3 Nc6 3.Nf3 g6 4.e3 Bg7 5.a3 d6 6.Be2 a5 7.O-O e5 8.d3 Nge7 9.Rb1
O-O 10.Bd2 h6 11.Nb5 Be6 12.d4 cxd4 13.exd4 exd4 14.Bf4 Ne5 15.Nfxd4 Bxc4
16.Rc1 Bxe2 17.Qxe2 Rc8 18.Rxc8 Nxc8 19.Rc1 Re8 20.Qd2 d5 21.b3 Kh7 22.h3 Re7
23.Bg3 Rd7 24.Kh1 Ne7 25.f4 N5c6 26.f5 Nxd4 27.Nxd4 Bxd4 28.fxg6+ fxg6 29.Qxd4
Nf5 30.Qd3 Qg5 31.Rc3 Nxg3+ 32.Qxg3 Qxg3 33.Rxg3 d4 34.Rd3 Kg7 35.Kg1 Kf6
36.Kf2 Ke5 37.Rg3 Rd6 38.Ke2 Rc6 39.h4 Kf4 40.Rf3+ Kg4 41.Rd3 Kxh4 42.Rxd4+
Kg3 43.Rd7 Rb6 {#R} 0-1

[Event "Ch Municipal Colon"]
[Site "Colon (Cuba)"]
[Date "2009.08.16"]
[Round "4"]
[White "Fernandez Lisandro (CUB)"]
[Black "Gomez Magdiel (CUB)"]
[Result "1-0"]
[WhiteElo "2312"]
[BlackElo "2137"]

1.c4 c5 2.Nc3 Nc6 3.Nf3 g6 4.e3 d6 5.d4 Bg4 6.d5 Bxf3 7.gxf3 Ne5 8.f4 Nd7
9.Bh3 Bg7 10.Qb3 Rb8 11.e4 Ngf6 12.Qa4 a6 13.e5 dxe5 14.fxe5 b5 15.cxb5 axb5
16.Nxb5 Ra8 17.Qxa8 Qxa8 18.Nc7+ Kd8 19.Nxa8 Nxd5 20.O-O e6 21.a4 Ke7 22.Bg5+
f6 23.exf6+ Bxf6 24.Bxf6+ Kxf6 25.Rad1 Rxa8 26.Rxd5 exd5 27.Bxd7 Rb8 28.Bb5
{#r} 1-0

[Event "Ch Kuzbass"]
[Site "Kemerovo (Russia)"]
[Date "2009.10.19"]
[Round "5"]
[White "Storozhev Nikolai (RUS)"]
[Black "Romanova Anastasia (RUS)"]
[Result "1-0"]
[WhiteElo "2024"]
[BlackElo "1825"]

1.c4 c5 2.Nc3 Nc6 3.Nf3 g6 4.e3 Bg7 5.d4 d6 6.d5 Ne5 7.Nd2 Nf6 8.Be2 O-O 9.O-O
e6 10.f4 Ned7 11.dxe6 fxe6 12.Nb3 Qe7 13.e4 b6 14.Bf3 Rb8 15.Nb5 Ne8 16.Nxa7
Bb7 17.Nb5 Ndf6 18.Qe2 Nc7 19.Nxd6 Qxd6 20.e5 Bxf3 21.Rxf3 Qe7 22.exf6 Bxf6
23.Be3 Qg7 24.Rb1 Rbd8 25.a4 Na6 26.a5 bxa5 27.Nxa5 Rb8 28.b3 Qc7 29.Bd2 Bd4+
30.Kh1 e5 31.fxe5 Rxf3 32.Qxf3 Bxe5 33.Qd5+ Kh8 34.Nc6 Bg7 35.Nxb8 Nxb8 36.Rf1
h5 37.Bf4 Qc8 38.Qf7 Nc6 39.Qxg6 Ne7 40.Qxh5+ Kg8 41.Bd6 Nc6 42.Qf7+ Kh8
43.Rf5 {#r} 1-0

[Event "Ch Colombia (students) (final) (w)"]
[Site "Pereira (Colombia)"]
[Date "2009.10.26"]
[Round "7"]
[White "Salcedo Diana (COL)"]
[Black "Orozco Luz Elena (COL)"]
[Result "0-1"]
[WhiteElo "1961"]
[BlackElo "2118"]

1.c4 c5 2.Nc3 Nc6 3.Nf3 g6 4.d4 cxd4 5.Nxd4 Bg7 6.e3 Nf6 7.Be2 O-O 8.O-O a6
9.Bd2 e5 10.Nf3 d5 11.cxd5 Nxd5 12.e4 Nxc3 13.Bxc3 Qe7 14.Qd2 Be6 15.Qe3 h6
16.Rfd1 Rfd8 17.b3 Kh7 18.Rac1 Rac8 19.Bb2 Nd4 20.Nxd4 exd4 21.Qd3 f5 22.Rxc8
Bxc8 23.Bf3 f4 24.Rc1 Be5 25.Bd1 Qd6 26.f3 Bd7 27.a4 b5 28.Bc2 Qb4 29.Ra1 Rc8
30.Rd1 bxa4 31.Bxd4 Bb5 32.Qd2 Bxd4+ 33.Qxd4 Qxd4+ 34.Rxd4 Rxc2 {#R} 0-1

[Event "Ch Europe (team) (w)"]
[Site "Novi Sad (Serbia)"]
[Date "2009.10.28"]
[Round "7"]
[White "Franciskovic Borka (CRO)"]
[Black "Voiska Margarita (BUL)"]
[Result "1-0"]
[WhiteElo "2245"]
[BlackElo "2332"]

1.c4 c5 2.Nc3 Nc6 3.Nf3 g6 4.e3 Bg7 5.d4 d6 6.d5 Na5 7.Bd3 Nf6 8.O-O O-O 9.h3
a6 10.e4 Bd7 11.Qe2 e5 12.dxe6 Bxe6 13.Be3 Nd7 14.Nd5 Re8 15.Rfe1 Nc6 16.Qd2
Nde5 17.Nxe5 Nxe5 18.Be2 Rb8 19.Bg5 f6 20.Be3 b5 21.b3 Nf7 22.Rad1 Bxd5
23.Qxd5 Re5 24.Qd3 Qe8 25.Bf3 Rd8 26.Qc2 Bh6 27.Bxh6 Nxh6 28.Qd2 Nf7 29.g3 Ng5
30.Bg2 Re7 31.Qf4 Kg7 32.Rxd6 Rxd6 33.Qxd6 bxc4 34.Qxa6 cxb3 35.axb3 f5
36.Qa1+ Kg8 37.e5 Qd8 38.Qc3 Ne6 39.Ra1 Qd4 40.Qxd4 Nxd4 41.f4 g5 42.Kf2 Kg7
43.Bd5 Rd7 44.Bc4 Nc2 45.Ra8 gxf4 46.gxf4 Rd2+ 47.Kg3 Ne1 48.Kh4 Ng2+ 49.Kg5
h6+ 50.Kxf5 Rd4 51.Rg8+ Kh7 52.Rxg2 {#r} 1-0

[Event "Tournament (open)"]
[Site "Campinas (Brazil)"]
[Date "2009.10.30"]
[Round "1"]
[White "Rouanet Luiz Paulo (BRA)"]
[Black "Labegalini Antonio Luiz (BRA)"]
[Result "1-0"]
[WhiteElo "2030"]
[BlackElo "1897"]

1.c4 c5 2.Nc3 Nc6 3.Nf3 d6 4.d4 cxd4 5.Nxd4 Nf6 6.e3 e6 7.Be2 Be7 8.h3 O-O
9.O-O Bd7 10.Bf3 Nxd4 11.exd4 Qc7 12.b3 d5 13.c5 Rfd8 14.Bg5 Bc6 15.Re1 Ne8
16.Bxe7 Qxe7 17.b4 Qd7 18.a4 a6 19.Qb3 Nc7 20.Be2 Qe8 21.b5 axb5 22.axb5 Bd7
23.b6 Rxa1 24.Rxa1 Na8 25.Ra7 Bc6 26.Bb5 e5 27.dxe5 Qxe5 28.Bxc6 Qe1+ 29.Kh2
bxc6 30.b7 {#r} 1-0

[Event "It (open) "]
[Site "Perm (Russia)"]
[Date "2009.11.07"]
[Round "0"]
[White "Chukharev Sergey (RUS)"]
[Black "Kohanov Boris (RUS)"]
[Result "0-1"]
[WhiteElo "2327"]
[BlackElo "1957"]

1.c4 c5 2.Nc3 Nc6 3.Nf3 e6 4.g3 a6 5.Bg2 d6 6.e3 Qc7 7.d4 Rb8 8.O-O g6 9.d5
Nd8 10.dxe6 Bxe6 11.b3 Bg7 12.Ng5 Bxc3 {#R} 0-1

[Event "It (open)"]
[Site "Poltava (Ukraine)"]
[Date "2009.12.05"]
[Round "3"]
[White "Solovchuk Alexey (UKR)"]
[Black "Romaniv Mykola (UKR)"]
[Result "1-0"]
[WhiteElo "2291"]
[BlackElo "2037"]

1.c4 c5 2.Nc3 Nc6 3.e3 d6 4.Nf3 g6 5.Be2 Bg7 6.O-O Nf6 7.d4 O-O 8.d5 Nb8 9.Nd2
e5 10.a3 Ne8 11.e4 f5 12.b4 b6 13.Rb1 fxe4 14.Ndxe4 h6 15.Bd3 Bf5 16.g4 Qh4
17.f3 Nd7 18.Qc2 Bxe4 19.Bxe4 h5 20.g5 Rf4 21.Kh1 Nf8 22.Bxf4 exf4 23.Ne2 Kh7
24.Rg1 Rd8 25.Rg2 Rd7 26.Qd2 Be5 27.a4 Rf7 28.bxc5 dxc5 29.a5 Nd6 30.Bd3 Nf5
31.Bxf5 Rxf5 32.axb6 axb6 33.Rxb6 Rxg5 34.Rb7+ Kh6 35.Rxg5 Qxg5 36.Qe1 Qf5
37.Qb1 Qg5 38.Qg1 Qf5 39.Qxc5 Nh7 40.Ng1 h4 41.Qf2 g5 42.Rb6+ Kh5 43.Re6 Nf6
44.h3 Nd7 45.Qg2 Nf6 46.Qg4+ Kg6 47.Qxf5+ Kxf5 48.Ne2 Nd7 49.Kg2 Nc5 50.Rc6
Nd3 51.Kf1 Nb4 52.Rc8 Nc2 53.Nc1 Ne3+ 54.Ke2 Nc2 55.Rf8+ Kg6 56.Kd3 Ne1+
57.Ke4 Bg7 58.Rc8 g4 59.fxg4 f3 60.Nd3 {#r} 1-0

[Event "NRW-liga 2009/10"]
[Site "Germany"]
[Date "2009.12.21"]
[Round "4"]
[White "Osbild Reiner"]
[Black "Buendgen Achim (GER)"]
[Result "0-1"]
[WhiteElo "1970"]
[BlackElo "2155"]

1.c4 c5 2.Nc3 Nc6 3.Nf3 g6 4.d4 cxd4 5.Nxd4 Bg7 6.Nc2 Bxc3+ 7.bxc3 Qa5 8.Qd3
Nf6 9.Bd2 d6 10.e4 Nxe4 11.Qxe4 Bf5 12.Qd5 Bxc2 13.Be2 Bf5 14.O-O Be6 15.Qb5
Qxb5 16.cxb5 Ne5 17.a4 Bc4 18.Rfe1 Bxe2 19.Rxe2 Kd7 20.Rd1 Rhc8 21.Bf4 Nc4
22.Bg3 Rc5 23.f4 Nb6 24.Bh4 e6 25.Rd4 Rxc3 26.Be1 Rc4 27.Red2 Rxd4 28.Rxd4 d5
29.a5 Nc4 30.a6 Rb8 31.g4 bxa6 32.bxa6 Rb6 33.f5 Rxa6 34.fxe6+ Kxe6 35.g5 Ra1
36.Kf2 Ra2+ 37.Kg3 Re2 38.Bf2 Nd2 {#R} 0-1

[Event "Ch Australia"]
[Site "Sydney (Australia)"]
[Date "2010.01.03"]
[Round "2"]
[White "Johansen Darryl K (AUS)"]
[Black "Rej Tomek (AUS)"]
[Result "1-0"]
[WhiteElo "2420"]
[BlackElo "2340"]

1.c4 c5 2.Nc3 Nc6 3.Nf3 e5 4.e3 d6 5.d4 exd4 6.exd4 Bg4 7.Be2 Bxf3 8.Bxf3 Nxd4
9.O-O Qd7 10.Be3 Nxf3+ 11.Qxf3 Nf6 12.Rad1 Qc6 13.Qf5 Be7 14.Rfe1 O-O 15.Bh6
Bd8 16.Qg5 Ne8 17.Qg3 Bf6 18.Nd5 Kh8 19.Nxf6 gxh6 20.Qf4 d5 21.Rxe8 {#r} 1-0

[Event "Ch City"]
[Site "Verkhnaya Salda (Russia)"]
[Date "2010.03.04"]
[Round "7"]
[White "Chashchin Mikhail"]
[Black "Iskhakov Rafkat"]
[Result "1-0"]
[WhiteElo "2315"]
[BlackElo "2019"]

1.c4 c5 2.Nc3 Nc6 3.Nf3 g6 4.g3 b6 5.Bg2 Bb7 6.O-O Bg7 7.b3 Nf6 8.d4 Nxd4
9.Nxd4 Bxg2 10.Kxg2 cxd4 11.Qxd4 O-O 12.Bb2 d6 13.Rad1 Qd7 14.e4 Rad8 15.Rfe1
Nh5 16.Qd2 Nf6 17.h3 Rfe8 18.Re2 h6 19.Kh2 Qb7 20.Qe1 Rd7 21.Rd3 Red8 22.Qa1
Nh7 23.f4 a6 24.a4 b5 25.cxb5 Bxc3 26.Bxc3 axb5 27.Qd1 bxa4 28.bxa4 e5 29.fxe5
dxe5 30.Red2 Rxd3 31.Rxd3 Re8 32.Rd8 Qe7 33.Rxe8+ Qxe8 34.a5 Ng5 35.Qe2 Qe6
36.g4 Qb3 37.Qb2 Qe6 38.Kg2 f6 39.Qb8+ Kg7 40.Qb7+ Nf7 41.a6 Qc4 42.Be1 Qe2+
43.Bf2 h5 44.gxh5 Qxh5 45.a7 Qg5+ 46.Kf3 Qh5+ 47.Ke3 Qxh3+ 48.Kd2 Qf3 49.a8=Q
Qxf2+ 50.Kc3 Qe1+ 51.Kb2 Qd2+ 52.Ka1 Qd1+ 53.Qb1 Qd4+ 54.Qb2 Qd1+ 55.Ka2 g5
56.Qd5 Qh5 57.Qg2 Nh6 58.Qd7+ Qf7+ 59.Qxf7+ Nxf7 60.Kb3 Kg6 61.Kc4 f5 62.exf5+
Kxf5 63.Kd5 Kf6 64.Qf3+ Ke7 65.Qf5 Ke8 66.Ke6 Nd8+ 67.Kf6 {#r} 1-0

[Event "Tournament (open)"]
[Site "Zhukovsky (Russia)"]
[Round "1"]
[White "Lylov Igor (RUS)"]
[Black "Orekhovsky Vasily (RUS)"]
[Result "1-0"]
[WhiteElo "2305"]
[BlackElo "2080"]

1.c4 c5 2.Nc3 Nc6 3.e3 Nf6 4.d4 e6 5.d5 Ne5 6.f4 Ng6 7.e4 d6 8.Nf3 exd5 9.cxd5
a6 10.a4 Bg4 11.h3 Bxf3 12.Qxf3 Nd7 13.Bd3 Be7 14.Be3 Bf6 15.O-O O-O 16.Ra3
Qc7 17.Bb1 b6 18.Qg4 Rfb8 19.h4 Nxh4 20.e5 dxe5 21.d6 Qd8 22.f5 g5 23.Ne4 h6
24.Qh5 Kg7 25.g3 Ng6 26.fxg6 fxg6 27.Qg4 Qe8 28.Ba2 h5 29.Qe6 Ra7 30.Rxf6 Nxf6
31.Qxf6+ Kh6 32.Qxg5+ Kh7 33.Qh6# 1-0